00353pab a2200121 454500008004000000100002600040245008700066260000900153300001300162362001200175650002300187773002100210180718b2013 xxu||||| |||| 00| 0 eng d aChattopadhyay, Saumen aAcademic freedom and employability : a neoliberal agenda to guide education reform c2013 ap.69-77. aJul-Aug aEducational reform aSocial Scientist